000 00783nam a2200241Ia 4500
003 OSt
005 20221005112820.0
006 a|||||r|||| 00| 0
007 ta
008 221004b |||||||| |||| 00| 0 pan d
020 _a9788182991224 (hbk)
_c150
024 _a106208
037 _b7848/I, 21/02/2011, Arsee Publishers
_cTextual
040 _aCRL
_cCRL
_bpan
041 _2pan
_apan
082 _aY73(P153):351, 153P7
100 _aਬਚਿੰਤ ਕੌਰ
245 0 _aਕਣੀਆਂ ਦੀ ਰੁੱਤ
260 _aਦਿੱਲੀ
_bਆਰਸੀ ਭਾਰਤ
_c2007
300 _a111ਪੰ
_ccm.
942 _hY73(P153):351, 153P7
_cTEXL
_2cc
999 _c1026069
_d1026069